| 000 | 00724nam a22001817a 4500 | ||
|---|---|---|---|
| 003 | BD-DhUL | ||
| 005 | 20160919164715.0 | ||
| 008 | 160919s1998 bg |||| |||| 00| 0 ben d | ||
| 040 |
_aBD-DhUL _cBD-DhUL |
||
| 082 |
_a954.92 _bKHB |
||
| 100 | 1 | 0 | _a খলিলউল্লাহ,এস |
| 245 | 1 | 0 |
_aবাঙালি জাতি : _cএস খলিলউল্লাহ _bচেতনার স্বরুপ ও রুপান্তরের ধারা / |
| 260 |
_aঢাকা : _bআগামী প্রকাশনী, _c১৯৯৮ |
||
| 300 |
_a ৭১ পৃ. ; _c ২২ সে. মি. |
||
| 651 | 0 |
_a বাংলাদেশ _xইতিহাস |
|
| 651 | 0 |
_aBangladesh _xHistory |
|
| 942 |
_2ddc _cBK |
||
| 999 |
_c104991 _d104991 |
||